History of the United States of America during the administrations of Thomas Jefferson

محفوظ في:
التفاصيل البيبلوغرافية
المؤلف الرئيسي: Adams, Henry
التنسيق: كتاب
اللغة:English
منشور في: New York, EE.UU. The Library of America 1986
الموضوعات:
الوسوم: إضافة وسم
لا توجد وسوم, كن أول من يضع وسما على هذه التسجيلة!

MARC

LEADER 00000nam a22000007a 4500
008 181019b xxu||||| |||| 00| 0 eng d
040 |a cru BVZT 
090 |a E-810 A-1h  
100 |a Adams, Henry  
245 |a History of the United States of America during the administrations of Thomas Jefferson  |c Henry Adams 
260 |a New York, EE.UU.   |b The Library of America  |c 1986 
300 |a 1314 páginas 
650 |a LITERATURA ESTADOUNIDENSE - COLECCION ESPECIAL 
650 |a HISTORIA DE LOS ESTADOS UNIDOS - THOMAS JEFFERSON  
650 0 |a EN IDIOMA INGLÉS  |9 129 
999 |c 30618  |d 30618 
942 |c SALA  |h E-810 A-1h   |2 z